Scientific approach to surgery : (Record no. 127007)

MARC details
000 -LEADER
fixed length control field 00829nam a22002297a 4500
005 - DATE AND TIME OF LATEST TRANSACTION
control field 20170124110018.0
010 ## - LIBRARY OF CONGRESS CONTROL NUMBER
LC control number A-408558
020 ## - INTERNATIONAL STANDARD BOOK NUMBER
Terms of availability 00.00
035 ## - SYSTEM CONTROL NUMBER
System control number A-408558
037 ## - SOURCE OF ACQUISITION
Source of stock number/acquisition Cen Lib/Ret
040 ## - CATALOGING SOURCE
Original cataloging agency DPL
Language of cataloging EN
082 ## - DEWEY DECIMAL CLASSIFICATION NUMBER
Classification number 617
Item number SCI
245 ## - TITLE STATEMENT
Title Scientific approach to surgery :
Statement of responsibility, etc edited by B. S. Rana [and] V. J. Anand
Remainder of title Number 1 /
260 ## - PUBLICATION, DISTRIBUTION, ETC. (IMPRINT)
Place of publication, distribution, etc New Delhi
Name of publisher, distributor, etc Mahalaxmi Medical Publishers
Date of publication, distribution, etc 1986
270 ## - ADDRESS
City New Delhi
Postal code 110026
Address House 28, Road No-1, Punjabi bagh
300 ## - PHYSICAL DESCRIPTION
Extent xv, 296p. :
Dimensions 20cm(Hb)
Other physical details ill.
500 ## - GENERAL NOTE
General note Includes bibliographical references and index
650 ## - SUBJECT ADDED ENTRY--TOPICAL TERM
Topical term or geographic name as entry element Surgeries-various diseases.
9 (RLIN) 19113
700 ## - ADDED ENTRY--PERSONAL NAME
Personal name Rana, B. S.
9 (RLIN) 19114
700 ## - ADDED ENTRY--PERSONAL NAME
Personal name Anand, V. J.
9 (RLIN) 19115
942 ## - ADDED ENTRY ELEMENTS (KOHA)
Source of classification or shelving scheme Dewey Decimal Classification
Koha item type English Books
Classification part 617
Call number suffix SCI
Holdings
Withdrawn status Lost status Damaged status Not for loan Home library Current library Date acquired Source of acquisition Cost, normal purchase price Total Checkouts Full call number Barcode Date last seen Copy number Cost, replacement price Price effective from Koha item type Public note
Written off       Central Library Central Library 27/06/2015 Cen Lib/Ret 0.00   617 SCI A-408558 27/06/2015 1 0.00 27/06/2015 English Books Written off on approval by DLB (By Circulation); dtd 15-06-2023

© Delhi Public Library
Hit Counter
free hit counter